[Event "Graz op-B"]
[Site "Graz"]
[Date "2004.09.12"]
[Round "9"]
[White "Brand, Thomas"]
[Black "Novotny, Robert"]
[Result "1-0"]
[WhiteElo "1959"]
[BlackElo "1925"]
[PlyCount "79"]
[EventDate "2004.09.04"]
[EventType "swiss"]
[EventRounds "9"]
[EventCountry "AUT"]
[SourceTitle "EXT 2006"]
[Source "ChessBase"]
[SourceDate "2005.11.24"]
[SourceVersion "1"]
[SourceVersionDate "2005.11.24"]
[SourceQuality "1"]

1. d4 Nf6 2. Bg5 Ne4 3. Bh4 d5 4. e3 c5 5. dxc5 Qa5+ 6. c3 Qxc5 7. Nd2 Bf5 8. Ngf3 e6 9. Qb3 Qc8 10. Qa4+ Nd7 11. Ne5 Nec5 12. Qd4 Nxe5 13. Qxe5 Nd3+ 14. Bxd3 Bxd3 15. 0-0-0 f6 16. Qd4 Be2 17. Rde1 Bc5 18. Qa4+ b5 19. Qc2 Bh5 20. b4 Bb6 21. Kb2 a5 22. Rc1 0-0 23. Nb3 e5 24. Qd3 Qc6 25. h3 Bg6 26. Qe2 Ra7 27. a3 Rfa8 28. Ra1 Bf7 29. Qg4 h5 30. Qg3 axb4 31. axb4 Rxa1 32. Rxa1 Rxa1 33. Nxa1 Qe6 34. Nc2 d4 35. exd4 exd4 36. cxd4 Bd8 37. f4 Qa2+ 38. Kc1 Qe6 39. Qf3 Qc4 40. Be1 1-0

[Event "Vienna op-B 14th"]
[Site "Vienna"]
[Date "2003.08.22"]
[Round "7"]
[White "Novotny, Robert"]
[Black "Blocher, Edgar"]
[Result "0-1"]
[WhiteElo "1929"]
[BlackElo "1861"]
[PlyCount "48"]
[EventDate "2003.08.16"]
[EventType "swiss"]
[EventRounds "9"]
[EventCountry "AUT"]
[SourceTitle "CBM 095 Extra"]
[Source "ChessBase"]
[SourceDate "2003.09.04"]
[SourceVersion "1"]
[SourceVersionDate "2003.09.04"]
[SourceQuality "1"]

1. c4 c5 2. Nc3 Nc6 3. g3 g6 4. Bg2 Bg7 5. e3 e5 6. Nge2 Nge7 7. 0-0 0-0 8. b3 d6 9. Bb2 Nb4 10. d4 exd4 11. exd4 Nf5 12. d5 Nd4 13. a3 Nbc2 14. Rc1 Bf5 15. Nxd4 Nxd4 16. b4 Re8 17. Kh1 Ne2 18. Nxe2 Bxb2 19. bxc5 Bxc1 20. Nxc1 dxc5 21. Nd3 Bxd3 22. Qxd3 Qd6 23. f4 Re7 24. f5 Rae8 0-1